Plataforma de Lucha del movimiento obrero campesino, cooperativo y profesional: para democratizar Honduras /

שמור ב:
מידע ביבליוגרפי
Autores Corporativos: Confederación Hondureña de cooperativas, CHC COCOCH FECOPRUH CTH CGT FUTH FITH
פורמט: Texto
יצא לאור: Tegucigalpa: CHC
תגים: הוספת תג
אין תגיות, היה/י הראשונ/ה לתייג את הרשומה!

MARC

LEADER 00000 a a2200000 04500
001 24443
003
040
090 |a 175300  
110 |a Confederación Hondureña de cooperativas  
245 |a Plataforma de Lucha del movimiento obrero campesino, cooperativo y profesional: para democratizar Honduras /  |c Confederación Hondureña de cooperativas  
260 |a Tegucigalpa:   |b CHC  
300 |a 80 p.  
710 |a CHC   |a COCOCH   |a FECOPRUH   |a CTH   |a CGT   |a FUTH   |a FITH  
999 |c 14311  |d 14311